Committee of experts for the progressive codification of international law : Report to the Council of the League of nations on the questions which appear ripe for international regulation. (Questionnaires nos 1 to 7.).

Saved in:
Bibliografiske detaljer
Institution som forfatter: League of Nations
Format: Bog
Sprog:English
Udgivet: [Geneva], [Imp. Kundig et de la T. de Genèva], [1927].
Serier:C.196.M.70.1927.v.<C.P.D.I.95(2).>
Fag:
LEADER 02023cam a2200385 a 4500
001 c000399678
003 CARM
005 20151120095626.0
008 151120s1927 sz i000 0 eng d
010 |a 27000207 
019 1 |a 69794038  |5 LACONCORD2021 
035 |a (OCoLC)16311151  |5 LACONCORD2021 
040 |a TRN  |b eng  |c TRN  |d OCLCQ  |d MTG  |d GXR  |d OCLCQ  |d OCLCF  |d OCLCQ  |d OCLCO  |d VCAV 
050 1 4 |a JX1261  |b .L47 3dsess. Q 
082 0 4 |a 340  |2 23 
110 2 |a League of Nations. 
245 1 0 |a Committee of experts for the progressive codification of international law :  |b Report to the Council of the League of nations on the questions which appear ripe for international regulation. (Questionnaires nos 1 to 7.). 
246 3 |a Questions which appear ripe for international regulation 
260 |a [Geneva],  |b [Imp. Kundig et de la T. de Genèva],  |c [1927]. 
300 |a 282 pages  |c 34 cm. 
336 |a text  |b txt  |2 rdacontent 
337 |a unmediated  |b n  |2 rdamedia 
338 |a volume  |b nc  |2 rdacarrier 
490 0 |a C.196.M.70.1927.v.<C.P.D.I.95(2).> 
500 |a At head of title: <Communicated to the Council, the members of the League and other governments> ... Geneva, April 20th, 1927. League of Nations. 
500 |a "Adopted by the committee at its third session, held in March-April 1927". 
500 |a Publications of the League of nations. v. Legal. 1927. v. 1. 
650 0 |a International law  |x Codification. 
650 7 |a International law  |x Codification.  |2 fast  |0 (OCoLC)fst00976989 
776 0 8 |i Online version:  |a League of Nations.  |t Committee of experts for the progressive codification of international law.  |d [Geneva, Imp. Kundig et de la T. de Genèva, 1927]  |w (OCoLC)551267956 
852 8 |b CARM  |p 0621753  |f BK 
852 8 |b SCAN  |h A3:AI36C0  |i F09243  |p 0621753  |f BK 
999 f f |i 9831b069-26f8-5bad-9a23-1f033646cf05  |s a7eb7c74-7172-5939-b88b-8775a1d76de9 
952 f f |p Can circulate  |a CAVAL  |b CAVAL  |c CAVAL  |d CARM 1 Store  |i book  |m 0621753 
952 f f |a CAVAL  |b CAVAL  |c CAVAL  |d Unmapped Location  |e F09243  |f A3:AI36C0  |h Other scheme